MARC

LEADER 00000nam0a2200000 4500
001 27472
005 20231030202202.0
010 |a 5797500760 
035 |a (RuTPU)RU\TPU\book\27723 
035 |a BOOK00027798 
090 |a 27472 
100 |a 20011209d2000 m y0rusy50 ca 
101 0 |a rus 
102 |a RU 
105 |a y j 000zy 
200 1 |a Гражданское право России  |h Ч. 1  |e учебник  |f под ред. З. И. Цыбуленко 
210 |a Москва  |c Юристъ  |d 2000 
215 |a 464 с. 
610 1 |a право 
610 1 |a гражданское право 
610 1 |a теория 
610 1 |a граждане 
610 1 |a правоотношения 
610 1 |a юридические лица 
610 1 |a Российская Федерация 
610 1 |a субъекты 
610 1 |a объекты 
610 1 |a гражданские права 
610 1 |a нематериальные блага 
610 1 |a сделки 
610 1 |a доверенность 
610 1 |a представительство 
610 1 |a исковая давность 
610 1 |a сроки 
610 1 |a защита 
610 1 |a собственность 
610 1 |a вещные права 
610 1 |a обязательное право 
610 1 |a обязательства 
610 1 |a договоры 
610 1 |a ответственность 
610 1 |a зарубежные страны 
610 1 |a правовые системы 
610 1 |a учебные пособия 
686 |a Х623я73  |v LBC/SL-A  |2 rubbk 
702 1 |a Цыбуленко  |b З. И.  |4 340 
801 0 |a RU  |b 63413507  |c 20011209  |g PSBO 
801 2 |a RU  |b 63413507  |c 20120720  |g PSBO 
942 |c BK